00398nam a2200145 a 4500008004100000020001500041050001900056100002200075245005200097260004200149300002100191350000900212650001200221650001900233120416s1985 ||||||||||||||||| || u a0471874248 aTK 7871.85 Sze aSze, S. M., 1936-10aSemiconductor devices, physics and technology / aNew York :bJohn Wiley and Sonsc1985 axi, 523p. : ill. a0.00 0aPHYSICS aSEMICONDUCTORS